Perspectiva para dibujantes / (Record no. 12248)

MARC details
000 -CABECERA
campo de control de longitud fija 00746nam a22002417a 4500
003 - IDENTIFICADOR DEL NÚMERO DE CONTROL
campo de control OSt
005 - FECHA Y HORA DE LA ÚLTIMA TRANSACCIÓN
campo de control 20260530113915.0
008 - DATOS DE LONGITUD FIJA--INFORMACIÓN GENERAL
campo de control de longitud fija 260507b1980 sp a|||| |||| 00| 0 spa d
020 ## - NÚMERO INTERNACIONAL ESTÁNDAR DEL LIBRO
Número Internacional Estándar del Libro 842520108x
040 ## - FUENTE DE LA CATALOGACIÓN
Centro catalogador/agencia de origen ICI
Lengua de catalogación spa
Centro/agencia transcriptor ICI
050 ## - SIGNATURA TOPOGRÁFICA DE LA BIBLIOTECA DEL CONGRESO
Número de clasificación T369
Número de documento/Ítem L36 1980
100 #0 - ENTRADA PRINCIPAL--NOMBRE DE PERSONA
Nombre de persona Lawson, Philip J.,
Término indicativo de función/relación autor
9 (RLIN) 33930
240 10 - TÍTULO UNIFORME
Título uniforme Practical perspective drawing
Lenguaje de la obra Español
245 10 - MENCIÓN DE TÍTULO
Título Perspectiva para dibujantes /
Mención de responsabilidad, etc. Lawson ; [traducción de Roberto fuchs]
250 ## - MENCIÓN DE EDICIÓN
Mención de edición tercera edicion
260 ## - PUBLICACIÓN, DISTRIBUCIÓN, ETC.
Lugar de publicación, distribución, etc. Barcelona :
Nombre del editor, distribuidor, etc. Gustavo Gili,
Fecha de publicación, distribución, etc. c1980
300 ## - DESCRIPCIÓN FÍSICA
Extensión 264 páginas
Dimensiones 23cm.
650 ## - PUNTO DE ACCESO ADICIONAL DE MATERIA--TÉRMINO DE MATERIA
Término de materia o nombre geográfico como elemento de entrada Perspectiva
9 (RLIN) 33931
650 ## - PUNTO DE ACCESO ADICIONAL DE MATERIA--TÉRMINO DE MATERIA
Término de materia o nombre geográfico como elemento de entrada Dibujo técnico
9 (RLIN) 33932
700 ## - PUNTO DE ACCESO ADICIONAL--NOMBRE DE PERSONA
Nombre de persona Fuchs, Roberto,
Término indicativo de función/relación traductor
9 (RLIN) 33933
700 1# - PUNTO DE ACCESO ADICIONAL--NOMBRE DE PERSONA
Nombre de persona Lawson, Philip J.
9 (RLIN) 33930
942 ## - ELEMENTOS DE PUNTO DE ACCESO ADICIONAL (KOHA)
Fuente del sistema de clasificación o colocación Library of Congress Classification
Tipo de ítem Koha
Suprimir en OPAC 0

No items available.